La littérature fantastique (notice n° 1567302)
[ vue normale ]
| 000 -LEADER | |
|---|---|
| fixed length control field | 01111cam a2200133 4500500 |
| 005 - DATE AND TIME OF LATEST TRANSACTION | |
| control field | 20251214002643.0 |
| 041 ## - LANGUAGE CODE | |
| Language code of text/sound track or separate title | fre |
| 042 ## - AUTHENTICATION CODE | |
| Authentication code | dc |
| 100 10 - MAIN ENTRY--PERSONAL NAME | |
| Personal name | Prince, Nathalie |
| Relator term | author |
| 245 00 - TITLE STATEMENT | |
| Title | La littérature fantastique |
| 260 ## - PUBLICATION, DISTRIBUTION, ETC. | |
| Name of publisher, distributor, etc. | Armand Colin,<br/> |
| Date of publication, distribution, etc. | 2015.<br/> |
| 520 ## - SUMMARY, ETC. | |
| Summary, etc. | Hoffmann, Poe, Maupassant, Lovecraft, Stephen King… Les vampires, les zombies, les fantômes, les mortes amoureuses… La littérature fantastique est variée et ses sujets d’effroi multiples. Pour bien la comprendre, il faut rappeler son évolution, relire ses textes marquants, considérer les motifs et les thèmes qui la composent, réfléchir au surnaturel qui la gagne, saisir la menace qu’elle suscite et analyser les émotions qu’elle produit : peur, effroi, angoisse, dégoût... C’est pourquoi cet ouvrage propose successivement une approche théorique, une présentation historique et un exposé critique des grands thèmes fantastiques (les espaces, le double, les amours, les objets, etc.). |
| 856 41 - ELECTRONIC LOCATION AND ACCESS | |
| Uniform Resource Identifier | <a href="https://shs.cairn.info/la-litterature-fantastique--9782200602468?lang=fr&redirect-ssocas=7080">https://shs.cairn.info/la-litterature-fantastique--9782200602468?lang=fr&redirect-ssocas=7080</a> |
Pas d'exemplaire disponible.




Réseaux sociaux